|
|
|
|
| LEADER |
01468nam a2200397 a 4500 |
| 001 |
EBC967093 |
| 003 |
MiAaPQ |
| 005 |
20200520144314.0 |
| 006 |
m o d | |
| 007 |
cr cn||||||||| |
| 008 |
120801s2012 dcua sb 000 0 eng d |
| 020 |
|
|
|z 9780821395592
|
| 020 |
|
|
|a 9780821395608 (electronic bk.)
|
| 035 |
|
|
|a (MiAaPQ)EBC967093
|
| 035 |
|
|
|a (Au-PeEL)EBL967093
|
| 035 |
|
|
|a (CaPaEBR)ebr10580578
|
| 035 |
|
|
|a (CaONFJC)MIL372328
|
| 035 |
|
|
|a (OCoLC)802295946
|
| 040 |
|
|
|a MiAaPQ
|c MiAaPQ
|d MiAaPQ
|
| 043 |
|
|
|a f------
|
| 050 |
|
4 |
|a HF3874
|b .B74 2012
|
| 100 |
1 |
|
|a Brenton, Paul.
|
| 245 |
1 |
0 |
|a Pathways to African export sustainability
|h [electronic resource] /
|c Paul Brenton, Olivier Cadot, and Martha Denisse Pierola.
|
| 260 |
|
|
|a Washington, D.C. :
|b World Bank,
|c c2012.
|
| 300 |
|
|
|a xiv, 122 p. :
|b ill.
|
| 490 |
1 |
|
|a Directions in development. Trade
|
| 504 |
|
|
|a Includes bibliographical references.
|
| 533 |
|
|
|a Electronic reproduction. Ann Arbor, MI : ProQuest, 2015. Available via World Wide Web. Access may be limited to ProQuest affiliated libraries.
|
| 650 |
|
0 |
|a Exports
|z Africa.
|
| 650 |
|
0 |
|a Sustainability
|z Africa.
|
| 655 |
|
4 |
|a Electronic books.
|
| 700 |
1 |
|
|a Cadot, Olivier.
|
| 700 |
1 |
|
|a Pierola, Martha Denisse.
|
| 710 |
2 |
|
|a ProQuest (Firm)
|
| 830 |
|
0 |
|a Directions in development (Washington, D.C.).
|p Trade.
|
| 856 |
4 |
0 |
|u https://ebookcentral.proquest.com/lib/matrademy/detail.action?docID=967093
|z Click to View
|